A Complete literary guide to the Bible / (Record no. 19260)
[ view plain ]
| 000 -LEADER | |
|---|---|
| fixed length control field | 00440cam a2200181 a 4500 |
| 020 ## - INTERNATIONAL STANDARD BOOK NUMBER | |
| ISBN | 031051830X |
| 020 ## - INTERNATIONAL STANDARD BOOK NUMBER | |
| ISBN | 9780310230786 |
| 020 ## - INTERNATIONAL STANDARD BOOK NUMBER | |
| ISBN | 0310230780 |
| 020 ## - INTERNATIONAL STANDARD BOOK NUMBER | |
| ISBN | 9780310518303 |
| 040 ## - CATALOGING SOURCE | |
| Transcribing agency | DLC |
| 082 00 - DEWEY DECIMAL CLASSIFICATION NUMBER | |
| Classification number | 220 CRO 1990 C153 Or. |
| 245 02 - TITLE STATEMENT | |
| Title | A Complete literary guide to the Bible / |
| 300 ## - PHYSICAL DESCRIPTION | |
| Number of Pages | 528 pages ; |
| Dimensions | 25 cm |
| 650 #0 - SUBJECT ADDED ENTRY--TOPICAL TERM | |
| Topical Term | Bible as literature |
| 700 1# - ADDED ENTRY--PERSONAL NAME | |
| Personal name | Ryken, Leland |
| 700 1# - ADDED ENTRY--PERSONAL NAME | |
| Personal name | Longman, Tremper |
| 942 ## - ADDED ENTRY ELEMENTS (KOHA) | |
| Koha item type | ADB |
| 952 ## - LOCATION AND ITEM INFORMATION (KOHA) | |
| Withdrawn status [LOCAL, KOHA] | 0 |
| Source of acquisition | Permanent Location | Date acquired | Koha item type | Lost status | Shelving location | Current Location | Full call number |
|---|---|---|---|---|---|---|---|
| A38492 | Library Block C | 2020-09-01 | សៀវភៅភាសាអង់គ្លេស | C153 | Library Block C | 220 CRO 1990 C153 Or. |